|
|
|
|
| LEADER |
00832naa a2200217 i 4500 |
| 001 |
acta62616 |
| 005 |
20230320153045.0 |
| 008 |
191011s2016 hu o 1|| hun d |
| 020 |
|
|
|a 978-963-306-492-4
|
| 040 |
|
|
|a SZTE Egyetemi Kiadványok Repozitórium
|b hun
|
| 041 |
|
|
|a hun
|
| 245 |
0 |
0 |
|a Logisztika a Dél-Alföldön
|h [elektronikus dokumentum]
|
| 260 |
|
|
|c 2016
|
| 300 |
|
|
|a 32
|
| 490 |
0 |
|
|a Logisztika a Dél-Alföldön című regionális konferencia előadásainak összefoglalói
|
| 650 |
|
4 |
|a Társadalomtudományok
|
| 650 |
|
4 |
|a Társadalom- és gazdaságföldrajz
|
| 695 |
|
|
|a Logisztika - előadáskivonatok
|
| 700 |
0 |
1 |
|a Bodnár Károly
|
| 711 |
|
|
|a Logisztika a Dél-Alföldön
|c Hódmezővásárhely
|d 2016. április 21.
|
| 856 |
4 |
0 |
|u http://acta.bibl.u-szeged.hu/62616/1/logisztika_a_del_alfoldon_2016.pdf
|z Dokumentum-elérés
|